Libro de las fundaciones

Guardat en:
Dades bibliogràfiques
Autor principal: Santa Teresa de Jesus (Autor)
Format: Llibre
Idioma:espanyol
Publicat: Madrid Espasa-Calpe 1950
Col·lecció:Clásicos Castellanos
Matèries:
Etiquetes: Afegir etiqueta
Sense etiquetes, Sigues el primer a etiquetar aquest registre!

MARC

LEADER 00000nam a2200000 a 4500
001 UCX5287
003 CL-VaPUC
008 921016e19500000SP |||||||||||||||||spa|d
082 0 4 |a 863  |b TER  |2 21 
100 0 |a Santa Teresa de Jesus  |e author  |9 313710 
245 1 0 |a Libro de las fundaciones 
300 |a 2 v 
942 |c BK 
945 |d 19921016 00:00:00 
260 |a Madrid  |b Espasa-Calpe  |c 1950 
650 7 |a LITERATURA RELIGIOSA ESPAÑOLA  |2 CL-VaPUC  |9 314131 
583 |a last modification  |c 19921016 00:00:00  |k Rodrigo Vera 
490 0 |a Clásicos Castellanos 
999 |c 225577  |d 225575 
952 |0 0  |1 0  |4 0  |6 863_000000000000000_TER_1950  |7 0  |8 A  |9 223192  |a FDOPOS  |b FDOPOS  |d 2019-11-15  |h v.1  |i 2920425  |o 863 TER 1950  |p 2920425  |r 2025-01-22  |w 2019-11-15  |y BK  |k MLH 
952 |0 0  |1 0  |4 0  |6 863_000000000000000_TER_1950  |7 0  |8 A  |9 223193  |a FDOPOS  |b FDOPOS  |d 2019-11-15  |h v.2  |i 2920433  |o 863 TER 1950  |p 2920433  |r 2025-01-22  |w 2019-11-15  |y BK  |k MLH